书目信息 |
| 书名: | Media effects | |
| 作者: | edited by Jennings Bryant, Dolf Zillmann | |
| 分册号: | ||
| 分册名: | 出版地: | Hillsdale, N.J. : |
|
| 出版社: | L. Erlbaum Associates | |
| 出版时间: | 1994. | |
| 页数: | 505 p. : | |
| 开本: | 24 cm. | |
| 丛书名: | ||
| 中图分类号: | ||
| 科图分类号: | ||
| 其他分类号: | G206 | |
| 主题词: | ||
| 电子资源: | ||
| 000 | 01401nam 2200373 a 4500 | |
| 001 | E0760354192 | |
| 003 | DLC | |
| 005 | 20070506165015.25 | |
| 008 | 001 0 eng | |
| 008 | uu | |
| 010 | @a93008614 | |
| 020 | @a080580918X (pbk. : alk. paper). | |
| 020 | @a0805809171 (cloth : alk. paper). | |
| 040 | @aDLC @cDLC | |
| 043 | @an-us--- | |
| 049 | @aN5LA | |
| 050 | 00 | @aHN90.M3 @bM415 1993 |
| 082 | 00 | @a302.23/MG @220 |
| 090 | @a2-95/G219.712/M482///////1094542 | |
| 090 | @aG206 | |
| 096 | @aG219.712 @v3 | |
| 099 | @dG206@ex27 | |
| 245 | 00 | @aMedia effects :@badvances in theory and research / @cedited by Jennings Bryant, Dolf Zillmann |
| 260 | @aHillsdale, N.J. :@bL. Erlbaum Associates,@c1994. | |
| 263 | @a9311 | |
| 300 | @a505 p. :@bill ;@c24 cm. | |
| 504 | @aIncludes bibliographical references and index. | |
| 650 | 0 | @aMass media @xPolitical aspects @zUnited States. |
| 650 | 0 | @aMass media @xSocial aspects @zUnited States. |
| 650 | 0 | @aMass media @zUnited States @xPsychological aspects. |
| 650 | 0 | @aMass media @zUnited States @xInfluence. |
| 700 | 10 | @aZillmann, Dolf. @b00 @c20020930 @lNLC09 @h2252 @b00 @c20021020 @lNLC09 @h0229 @lNLC09 @h0003 @lNLC09 @h1955 @b00 @c20030209 @lNLC09 @h1519 @b00 @c20030210 @lNLC09 @h0859 @b00 @c20030219 @lNLC09 @h1431 |
| 700 | 10 | @aBryant, Jennings. |
| 852 | 9 | @bWWJC @cJ09 @k2-95 @hG219.712 @iM482 |
| Media effects : : advances in theory and research / / edited by Jennings Bryant, Dolf Zillmann.-Hillsdale, N.J. : : L. Erlbaum Associates, , 1994. |
| 505 p. : : ill ; ; 24 cm. |
| Includes bibliographical references and index. |
| ISBN 080580918X (pbk. : alk. paper). |
| ● |
| 相关链接 |
|
|
|
|
正题名:Media effects
索取号:G206/x27
 
预约/预借
| 序号 | 登录号 | 条形码 | 馆藏地/架位号 | 状态 | 备注 |
| 1 | 007308 | 300073088 | 第二样本阅览室/ [索取号:G206/x27] | 在馆 | |
| 2 | 007309 | 300073097 | 第四借阅区/ [索取号:G206/x27] | 在馆 |